000 00326nam a2200121Ia 4500
008 220120s9999||||xx |||||||||||||| ||und||
082 _a823 BAR
100 _aBarbery, Muriel
_911943
245 4 _aThe elegance of the hedgehog
260 _aGallic
_bNew York
_c2008
300 _aXVII,802p.
_b0
650 _aSIGNAL PROCESSING
_9719
999 _c137483
_d137483